Tibetan book of the dead: The great liberation by hearing in the intermediate states (Record no. 397011)

MARC details
000 -LEADER
fixed length control field 00684nam a22002417a 4500
005 - DATE & TIME
control field 20260212114405.0
008 - FIXED-LENGTH DATA ELEMENTS--GENERAL INFORMATION
fixed length control field 260211b |||||||| |||| 00| 0 eng d
020 ## - ISBN
International Standard Book Number 9780143104940
Price $ 25.00
040 ## - CATALOGING SOURCE
Original cataloging agency VIVEKANANDA LIBRARY
082 ## - DDC NUMBER
Classification number 294.3923
Book Number P136T
100 ## - MAIN ENTRY--PERSONAL NAME
Personal name Padmasambhava
245 ## - TITLE STATEMENT
Title Tibetan book of the dead: The great liberation by hearing in the intermediate states
260 ## - PUBLICATION, DISTRIBUTION, ETC. (IMPRINT)
Place of publication, distribution, etc New York
Name of publisher, distributor, etc Penguin Books
Date of publication, distribution, etc 2007
300 ## - PHYSICAL DESCRIPTION
Pages li, 535
650 ## - Subject
Subject Religion
650 ## - Subject
Subject Indic Orisin
650 ## - Subject
Subject Buddhism
650 ## - Subject
Subject Tibetan Buddhism
700 ## - Added Entry Personal Name
Added Entry Personal Name Lingpa, Terton Karma
700 ## - Added Entry Personal Name
Added Entry Personal Name Dorje, Gyurme
700 ## - Added Entry Personal Name
Added Entry Personal Name Graham Coleman with Thupten Jinpa
942 ## - ADDED ENTRY ELEMENTS (KOHA)
Koha item type Books
Holdings
Withdrawn status Lost status Source of classification or shelving scheme Damaged status Not for loan Location (home branch) Sublocation or collection (holding branch) Shelving location Date acquired Koha issues (times borrowed) Koha full call number Accession No. Koha date last seen Koha item type
    Dewey Decimal Classification     VIVEKANANDA LIBRARY VIVEKANANDA LIBRARY Vivekananda Library 11/02/2026   294.3923 P136T 314624 11/02/2026 Books
© Designed and Maintained by Vivekananda Library, MDU Rohtak